Great singers on great singing / (Record no. 2475)

MARC details
000 -LEADER
fixed length control field 00720pam a2200253 a 4500
001 - CONTROL NUMBER
control field 3734428
003 - CONTROL NUMBER IDENTIFIER
control field GBCCL
005 - DATE AND TIME OF LATEST TRANSACTION
control field 20241126110430.0
008 - FIXED-LENGTH DATA ELEMENTS--GENERAL INFORMATION
fixed length control field 811216s1982 nyua 000 0 eng
010 ## -
-- 81043280
020 ## - INTERNATIONAL STANDARD BOOK NUMBER
International Standard Book Number 0385146388 :
Terms of availability $17.95
040 ## - CATALOGING SOURCE
Original cataloging agency DLC
Transcribing agency DLC
Modifying agency DLC
050 00 -
-- ML1460
-- .H46 1982
082 00 - DEWEY DECIMAL CLASSIFICATION NUMBER
Classification number 782
Edition information 19
Item number HIN
100 1# - MAIN ENTRY--PERSONAL NAME
Personal name Hines, Jerome,
Dates associated with a name 1921-2003.
9 (RLIN) 5140
245 10 - TITLE STATEMENT
Title Great singers on great singing /
Statement of responsibility, etc. Jerome Hines.
250 ## - EDITION STATEMENT
Edition statement 1st ed.
260 ## - PUBLICATION, DISTRIBUTION, ETC.
Place of publication, distribution, etc. Garden City, N.Y. :
Name of publisher, distributor, etc. Doubleday,
Date of publication, distribution, etc. 1982.
300 ## - PHYSICAL DESCRIPTION
Extent 356 p. :
Other physical details ill. ;
Dimensions 22 cm.
650 #0 - SUBJECT ADDED ENTRY--TOPICAL TERM
Topical term or geographic name entry element Singing.
9 (RLIN) 5141
650 #0 - SUBJECT ADDED ENTRY--TOPICAL TERM
Topical term or geographic name entry element Singers
General subdivision Interviews.
9 (RLIN) 5142
906 ## - LOCAL DATA ELEMENT F, LDF (RLIN)
a 7
b cbc
c orignew
d 1
e ocip
f 19
g y-gencatlg
942 ## - ADDED ENTRY ELEMENTS (KOHA)
Source of classification or shelving scheme Dewey Decimal Classification
Koha item type Books
Holdings
Withdrawn status Lost status Source of classification or shelving scheme Damaged status Not for loan Home library Current Library Shelving location Date acquired Total checkouts Full call number Barcode Date last seen Copy number Price effective from Koha item type
    Dewey Decimal Classification     GRACE BIBLE COLLEGE GRACE BIBLE COLLEGE General Studies 2017-08-17   782 HIN 003823 2025-05-01 c.1 2017-08-17 Books
© Grace Bible College Library 2025